Score 0/12 Timer 04:00
0 Plays Today
Clue Missing Word % Correct
My _____ LadyFair
98.8%
_____ at Tiffany'sBreakfast
98.2%
War and _____Peace
89.9%
Roman _____Holiday
81.7%
Two _____ the RoadFor
63.5%
_____ Until DarkWait
61.7%
_____ FaceFunny
53.7%
How to Steal a _____Million
42.6%
Robin and _____Marian
37.1%
The Children's _____Hour
32.2%
Paris When It _____Sizzles
23.7%
The _____ StoryNun's
22.4%

Today's Daily Dose

Remove Ads.
Support Sporcle.
Get the best of Sporcle when you Go Orange. This ad-free experience offers more features, more stats, and more fun while also helping to support Sporcle. Thank you for becoming a member.

You're not logged in!

Compare scores with friends on all Sporcle quizzes.
OR
Log In

Show Comments

Extras

Top Quizzes Today


Score Distribution

Your Account Isn't Verified!

In order to create a playlist on Sporcle, you need to verify the email address you used during registration. Go to your Sporcle Settings to finish the process.

Report this User

Report this user for behavior that violates our Community Guidelines.

Details: